• 首页
  • 本馆介绍
  • 公告通知
  • 最新文献
  • 馆藏检索
  • 电子资源
  • 读者导购
  • 参考咨询
  • 我的图书馆
  • 登录
  • 详细信息显示
  • 放入我的书架
  • 预约/预借图书
  • 作者相关作品
  • 分类相关作品
  • 丛书相关作品
  • 出版社相关作品

书目信息

  • 表格格式
  • 工作单格式
  • 卡片格式
题名:
《郁离子》寓言故事选译
    
 
作者: 刘基 著 ;鲍延毅 编
分册:  
出版信息: 北京   北京出版社  1983
页数: 189页
开本: 19cm
丛书名:
单 册:
中图分类: I276.4
科图分类:
主题词: 民间文学--中国
电子资源:
ISBN:
000 00687nam0 2200241 45
001 0183008433
005 20060911170423.79
010    @dCNY0.54
091    @a10071.435
100    @a19960215d1983 em y0chiy0121 ea
101 0  @achi
102    @aCN@b110000
105    @ay z 000zy
200 12 @a《郁离子》寓言故事选译@Ayu li zi yu yan gu shi xuan yi@f(明)刘基著@g鲍延毅编
210    @a北京@c北京出版社@d1983
215    @a189页@d19cm
510 1  @a郁离子寓言故事选译@Ayu li zi yu yan gu shi xuan yi
606 0  @a民间文学@x中国
690    @aI276.4
701  0 @a刘基@Aliu ji@4著
702  0 @a鲍延毅@Abao yan yi@4编
801  0 @aCN@bNLC@c20060911
905    @f2@b87143-144@dI276.4@e35
    
    《郁离子》寓言故事选译/(明)刘基著/鲍延毅编.-北京:北京出版社,1983
    189页;19cm
    
    
    ISBN :CNY0.54
    
●
相关链接 在E读中查询图书 在五车中查询图书 在当当中查询图书 在豆瓣中查询图书


正题名:《郁离子》寓言故事选译     索取号:I276.4/35         预约/预借

序号 登录号 条形码 馆藏地/架位号 状态 备注
1 0087143   000037864   第二借阅区/ [索取号:I276.4/35] 在馆    
2 0087144   000037908   第二借阅区/ [索取号:I276.4/35] 在馆    
3 0087145   000037711   第一样本阅览室/ [索取号:I276.4/35] 在馆    
4 0457892   204578929   密集书库/ [索取号:I276.4/35] 在馆    
5 0457893   204578938   密集书库/ [索取号:I276.4/35] 在馆    
6 0457894   204578947   密集书库/ [索取号:I276.4/35] 在馆    
7 0457902   204579027   密集书库/ [索取号:I276.4/35] 在馆    
8 0457903   204579036   密集书库/ [索取号:I276.4/35] 在馆    
9 0457904   204579045   密集书库/ [索取号:I276.4/35] 在馆    
10 0457905   204579054   密集书库/ [索取号:I276.4/35] 在馆    
11 0457906   204579063   密集书库/ [索取号:I276.4/35] 在馆    
12 0474627   204746276   密集书库/ [索取号:I276.4/35] 在馆    
唐山师范学院图书馆 欢迎您!
大连网信软件有限公司© 版权所有